Catálogo público

EL MANUAL DE ADMINISTRACION DE LA CALIDAD, COM0 ESCRIBIR Y Desarrollar un manual para los sistemas de administraciòn de la calidad / (Record no. 173167)

MARC details
000 -CABECERA
campo de control de longitud fija 00741nam a2200241Ia 4500
001 - NÚMERO DE CONTROL
campo de control dia_2648
003 - IDENTIFICADOR DEL NÚMERO DE CONTROL
campo de control CHAP
005 - FECHA Y HORA DE LA ÚLTIMA TRANSACCIÓN
campo de control 20230313104137.0
008 - DATOS DE LONGITUD FIJA--INFORMACIÓN GENERAL
campo de control de longitud fija 220117s1995 xx 000 0 und d
010 ## - NÚMERO DE CONTROL DE LA BIBLIOTECA DEL CONGRESO
Número de control de LC 173167
040 ## - FUENTE DE LA CATALOGACIÓN
Centro/agencia transcriptor CHAP
082 ## - NÚMERO DE LA CLASIFICACIÓN DECIMAL DEWEY
Número de clasificación 658.562 W3Y
100 ## - ENTRADA PRINCIPAL--NOMBRE DE PERSONA
Nombre de persona Waller, Jenny
9 (RLIN) 153306
245 ## - MENCIÓN DE TÍTULO
Título EL MANUAL DE ADMINISTRACION DE LA CALIDAD, COM0 ESCRIBIR Y Desarrollar un manual para los sistemas de administraciòn de la calidad /
Mención de responsabilidad, etc. por Jenny Waller
260 ## - PUBLICACIÓN, DISTRIBUCIÓN, ETC.
Lugar de publicación, distribución, etc. México, Panorama
Fecha de publicación, distribución, etc. 1995
300 ## - DESCRIPCIÓN FÍSICA
Extensión 243P.
500 ## - NOTA GENERAL
Nota general C/E
600 ## - PUNTO DE ACCESO ADICIONAL DE MATERIA--NOMBRE DE PERSONA
Nombre de persona 1.Administración de empresas
9 (RLIN) 153307
901 ## - ELEMENTOS DE DATOS A LOCAL LDA (RLIN)
a 658.562 W3Y
902 ## - ELEMENTOS DE DATOS B LOCAL, LDB (RLIN)
a M
905 ## - ELEMENTOS DE DATOS E LOCAL, LDE (RLIN)
a 0000001995 MEX 0000000000ESP00
942 ## - ELEMENTOS DE PUNTO DE ACCESO ADICIONAL (KOHA)
Tipo de ítem Koha Libro
Fuente del sistema de clasificación o colocación Dewey Decimal Classification
Holdings
Estado de retiro Estado de pérdida Fuente del sistema de clasificación o colocación Estado dañado No para préstamo Código de colección Localización permanente Ubicación/localización actual Fecha de adquisición Información codificada de la localización en otra ubicación Total de préstamos Signatura topográfica completa Código de barras Fecha visto por última vez Número de copia Precio válido a partir de Tipo de ítem Koha
    Dewey Decimal Classification     General Ingenieria Agroindustrial Ingenieria Agroindustrial 18/01/2022 1   658.562 W3Y dia_5595 18/01/2022 1 18/01/2022 Libro